000 00914nam a2200217Ii 4500
003 JO-AjNU
008 230605s9999||||xx |||||||||||||| ||und||
017 _a2008/6/1690
040 _aJO-AjNU
_bara
_erda
_cJO-AjNU
041 _aara
050 1 4 _aHF 5635.K33 2009
100 3 _aتأليف: كحالة،جبرائيل جوزيف/م.مشارك: رضوان حلوة حنان,
_eauthor
_930474
245 0 0 _aالمحاسبة الادارية : مدخل محاسبة المسؤولية وتقييم الاداء
250 _aط1
264 3 1 _aعمان: دار الثقافة للنشر والتوزيع،2009
300 _a480ص
_bيحتوي على مصطلحات من ص 466-474ص،يحتوي على ببلوغرافية من ص475-480ص
336 _atext
_btxt
_2rdacontent
337 _aunmediated
_bn
_2rdamedia
338 _avolume
_bnc
_2rdacarrier
650 4 _aالمحاسبة الادارية
_930475
999 _aA12085
_c15653
_d15653